书目信息 |
| 题名: |
局域网实训教程
|
|
| 作者: | 唐涛 编著 | |
| 分册: | ||
| 出版信息: | 北京 电子工业出版社 2005.12 |
|
| 页数: | 328页 | |
| 开本: | 26cm | |
| 丛书名: | 新时代电脑教育丛书 | |
| 单 册: | ||
| 中图分类: | TP393.1 | |
| 科图分类: | ||
| 主题词: | 局部网络--ju bu wang luo | |
| 电子资源: | ||
| ISBN: | 7-121-01883-7 | |
| 000 | 00842nam 2200241 450 | |
| 001 | 012006258515 | |
| 005 | 20060925103044.21 | |
| 010 | @a7-121-01883-7@dCNY28.00 | |
| 100 | @a20060626d2005 km y0chiy0120 ea | |
| 101 | 0 | @achi |
| 102 | @aCN@b110000 | |
| 105 | @aa z 000yy | |
| 200 | 1 | @a局域网实训教程@Aju yu wang shi xun jiao cheng@f唐涛等编著@Ftang tao deng bian zhu |
| 210 | @a北京@c电子工业出版社@d2005.12 | |
| 215 | @a328页@c图@d26cm | |
| 225 | 2 | @a新时代电脑教育丛书@Axin shi dai dian nao jiao yu cong shu |
| 330 | @a本书内容包括:网络基础知识、网络连接组件、网络协议及配置、基本网络管理、网络常用服务器配置及局域网组网实例等。 | |
| 410 | 0 | @12001 @a新时代电脑教育丛书 |
| 606 | 0 | @a局部网络@Aju bu wang luo |
| 690 | @aTP393.1@v4 | |
| 701 | 0 | @a唐涛@Atang tao@4编著 |
| 801 | 0 | @aCN@c20060925 |
| 905 | @apdsgxy@dTP393.1@eT266 | |
| 局域网实训教程/唐涛等编著.-北京:电子工业出版社,2005.12 |
| 328页:图;26cm.-(新时代电脑教育丛书) |
| ISBN 7-121-01883-7:CNY28.00 |
| 本书内容包括:网络基础知识、网络连接组件、网络协议及配置、基本网络管理、网络常用服务器配置及局域网组网实例等。 |
| ● |
| 相关链接 |
|
|
|
正题名:局域网实训教程
索取号:TP393.1/T266
 
预约/预借
| 序号 | 登录号 | 条形码 | 馆藏地/架位号 | 状态 | 备注 |
| 1 | 591967 | 205919675 | 自科库301/301自科库 132排2列4层/ [索取号:TP393.1/T266] | 在馆 | |
| 2 | 591968 | 205919684 | 自科库301/301自科库 132排2列4层/ [索取号:TP393.1/T266] | 在馆 | |
| 3 | 591969 | 205919693 | 自科二线404/301自科库 129排2列3层/ [索取号:TP393.1/T266] | 在馆 |